Geographie agricole du monde Pierre George

Gardado en:
Detalles Bibliográficos
Autor Principal: George, Pierre
Formato: Libro
Idioma:Undetermined
Publicado: Paris Presses Universitaires de France 1975
Những chủ đề:
Các nhãn: Engadir etiqueta
Sen Etiquetas, Sexa o primeiro en etiquetar este rexistro!
Thư viện lưu trữ: Trung tâm Học liệu Trường Đại học Cần Thơ
LEADER 00535nam a2200181Ia 4500
001 CTU_68967
008 210402s9999 xx 000 0 und d
082 |a 333.76 
082 |b G347 
100 |a George, Pierre 
245 0 |a Geographie agricole du monde 
245 0 |b Pierre George 
260 |a Paris 
260 |b Presses Universitaires de France 
260 |c 1975 
650 |a Land capability for agriculture,Land uses, rural,Agricultural geography 
904 |i Minh 
980 |a Trung tâm Học liệu Trường Đại học Cần Thơ